[Event "Madrid-chT Honor 2223"]
[Site "Madrid"]
[Date "2023.02.26"]
[Round "11.1"]
[White "Candela Perez, Jose"]
[Black "Garcia Luengo, Leandro"]
[Result "0-1"]
[WhiteElo "2307"]
[BlackElo "2278"]
[PlyCount "104"]
[EventDate "2022.11.20"]
[EventType "team-tourn"]
[EventRounds "14"]
[EventCountry "ESP"]
[SourceTitle "EXT 2024"]
[Source "ChessBase"]
[SourceDate "2023.10.10"]
[SourceVersion "1"]
[SourceVersionDate "2023.10.10"]
[SourceQuality "1"]
[WhiteTeam "Alcala de Henares"]
[BlackTeam "San Fernando de Henares"]
[WhiteTeamCountry "ESP"]
[BlackTeamCountry "ESP"]

1. e4 c5 2. Nf3 g6 3. c3 Bg7 4. d4 cxd4 5. cxd4 d5 6. e5 Nc6 7. Bb5 Bg4 8. Bxc6+ bxc6 9. Nbd2 Qb6 10. 0-0 Nh6 11. h3 Bxf3 12. Nxf3 0-0 13. Bf4 e6 14. Qd2 Nf5 15. Rfc1 Rfc8 16. g4 Ne7 17. Rc5 Rab8 18. b3 Qb4 19. Qb2 h6 20. Rac1 Bf8 21. R1c2 Kh7 22. Qc1 Qb7 23. Bd2 Qd7 24. Ne1 Rb5 25. R5c3 c5 26. Rxc5 Rbxc5 27. dxc5 Nc6 28. Nf3 d4 29. Qd1 Qd5 30. Bf4 Bxc5 31. Rd2 Qe4 32. Bg3 Rd8 33. Qc2 Qd5 34. Qc4 Qxc4 35. bxc4 Bb4 36. Rd3 Bc3 37. a3 Na5 38. Bh4 g5 39. Bxg5 hxg5 40. Nxg5+ Kg7 41. Ne4 Nxc4 42. Nxc3 dxc3 43. Rxc3 Nxe5 44. Rc5 Rd5 45. Rc7 Ra5 46. Rc3 Ra4 47. Kg2 Nc4 48. f4 Nxa3 49. Kg3 Nc4 50. Kh4 Nd6 51. Rd3 Ne4 52. Rb3 a5 0-1

[Event "Madrid Alcorcon op 1st"]
[Site "Madrid"]
[Date "2022.12.29"]
[Round "8"]
[White "Shreyas, Seshadri Nallore"]
[Black "Candela Perez, Jose"]
[Result "1/2-1/2"]
[WhiteElo "1849"]
[BlackElo "2314"]
[PlyCount "61"]
[EventDate "2022.12.26"]
[EventType "swiss"]
[EventRounds "9"]
[EventCountry "ESP"]
[SourceTitle "CBM 212 Extra"]
[Source "ChessBase"]
[SourceDate "2023.03.31"]
[SourceVersion "1"]
[SourceVersionDate "2023.03.31"]
[SourceQuality "1"]

1. e4 c5 2. Nf3 d6 3. c3 Nf6 4. Qc2 Qc7 5. Bb5+ Nbd7 6. 0-0 a6 7. Be2 g6 8. Re1 Bg7 9. d3 0-0 10. h3 b5 11. Bf4 Bb7 12. Nbd2 e5 13. Bg3 d5 14. exd5 Nxd5 15. Qb3 Qb6 16. Bf1 Rae8 17. a4 Nc7 18. axb5 axb5 19. d4 c4 20. Qc2 exd4 21. Bxc7 Qxc7 22. cxd4 Qb6 23. b3 Rc8 24. bxc4 Bxf3 25. Nxf3 bxc4 26. Ra4 c3 27. Re3 Qb2 28. Ra2 Qb4 29. Ra4 Qb2 30. Qxb2 cxb2 31. Rb3 1/2-1/2

[Event "Madrid Alcorcon op 1st"]
[Site "Madrid"]
[Date "2022.12.28"]
[Round "6"]
[White "Candela Perez, Jose"]
[Black "Del Rio de Angelis, Salvador Gabriel"]
[Result "1/2-1/2"]
[WhiteElo "2314"]
[BlackElo "2450"]
[PlyCount "26"]
[EventDate "2022.12.26"]
[EventType "swiss"]
[EventRounds "9"]
[EventCountry "ESP"]
[SourceTitle "CBM 212 Extra"]
[Source "ChessBase"]
[SourceDate "2023.03.31"]
[SourceVersion "1"]
[SourceVersionDate "2023.03.31"]
[SourceQuality "1"]

1. d4 d5 2. c4 e6 3. Nc3 a6 4. cxd5 exd5 5. Nf3 Nf6 6. Bf4 Bd6 7. Bxd6 Qxd6 8. e3 0-0 9. Qc2 Nc6 10. a3 Bg4 11. Be2 Ne7 12. Ne5 Bxe2 13. Nxe2 Nd7 1/2-1/2

[Event "Madrid-chT Honor 2223"]
[Site "Madrid"]
[Date "2022.12.18"]
[Round "4.1"]
[White "Garcia Luengo, Leandro"]
[Black "Candela Perez, Jose"]
[Result "1-0"]
[WhiteElo "2278"]
[BlackElo "2307"]
[PlyCount "83"]
[EventDate "2022.11.20"]
[EventType "team-tourn"]
[EventRounds "14"]
[EventCountry "ESP"]
[SourceTitle "EXT 2024"]
[Source "ChessBase"]
[SourceDate "2023.10.10"]
[SourceVersion "1"]
[SourceVersionDate "2023.10.10"]
[SourceQuality "1"]
[WhiteTeam "San Fernando de Henares"]
[BlackTeam "Alcala de Henares"]
[WhiteTeamCountry "ESP"]
[BlackTeamCountry "ESP"]

1. e4 e5 2. Nf3 Nc6 3. Bb5 a6 4. Ba4 Nge7 5. c3 g6 6. d4 exd4 7. Nxd4 Bg7 8. Bg5 Na5 9. Bc2 h6 10. Bh4 0-0 11. 0-0 g5 12. Bg3 d5 13. exd5 Nxd5 14. Qd3 f5 15. Nd2 Kh8 16. Rad1 Bd7 17. Rfe1 Qc8 18. Be5 Bxe5 19. Rxe5 Nf4 20. Qe3 Nc6 21. Nxc6 Bxc6 22. Re7 Rf6 23. Nf3 Bxf3 24. Qxf3 Qf8 25. Rxc7 Ne6 26. Rxb7 Rd8 27. Rbd7 Rxd7 28. Rxd7 Qe8 29. Qd1 Nf8 30. Rd8 Qe7 31. Bb3 Kh7 32. h3 Kg6 33. Rd2 Qc7 34. Qf3 Rd6 35. Rxd6+ Qxd6 36. Qd5 Qe7 37. Qg8+ Kf6 38. Qc4 Qe1+ 39. Qf1 Qd2 40. Qxa6+ Ke7 41. Qa7+ Nd7 42. Qe3+ 1-0

[Event "ESP-ch Seniora 50"]
[Site "Altea"]
[Date "2022.11.02"]
[Round "5"]
[White "Candela Perez, Jose"]
[Black "Ibarretxe Campo, Lander"]
[Result "1-0"]
[WhiteElo "2308"]
[BlackElo "2001"]
[PlyCount "71"]
[EventDate "2022.10.29"]
[EventType "swiss"]
[EventRounds "9"]
[EventCountry "ESP"]
[SourceTitle "EXT 2024"]
[Source "ChessBase"]
[SourceDate "2023.10.10"]
[SourceVersion "1"]
[SourceVersionDate "2023.10.10"]
[SourceQuality "1"]
[WhiteTeam "Spain"]
[BlackTeam "Spain"]
[WhiteTeamCountry "ESP"]
[BlackTeamCountry "ESP"]

1. d4 e6 2. c4 Nf6 3. Nc3 Bb4 4. Qc2 Nc6 5. Nf3 d6 6. a3 Bxc3+ 7. Qxc3 Qe7 8. b4 e5 9. dxe5 Nxe5 10. Bb2 Nxf3+ 11. gxf3 Bf5 12. Rg1 Bg6 13. Bh3 Nh5 14. Qd4 f6 15. 0-0-0 Qe5 16. Qg4 Qe7 17. e3 0-0 18. Qd4 f5 19. Qd5+ Qf7 20. Rd4 Qxd5 21. cxd5 Nf6 22. Rg5 Nd7 23. f4 Nb6 24. Bf1 Rae8 25. a4 Re7 26. a5 Nd7 27. Bd3 Nf6 28. Rg2 Bh5 29. Bxf5 Bf3 30. Rg1 Nxd5 31. Bc2 c5 32. bxc5 dxc5 33. Rc4 b6 34. Bb3 Kh8 35. Rg3 Be2 36. Re4 1-0

[Event "Madrid-ch Seniors 50"]
[Site "Madrid"]
[Date "2022.04.06"]
[Round "8"]
[White "Rojas Pozo, Jose Luis"]
[Black "Candela Perez, Jose"]
[Result "1/2-1/2"]
[WhiteElo "1856"]
[BlackElo "2339"]
[PlyCount "67"]
[EventDate "2022.03.28"]
[EventType "swiss"]
[EventRounds "9"]
[EventCountry "ESP"]
[SourceTitle "EXT 2023"]
[Source "ChessBase"]
[SourceDate "2022.10.05"]
[SourceVersion "1"]
[SourceVersionDate "2022.10.05"]
[SourceQuality "1"]

1. d4 d5 2. c4 e6 3. Nc3 c6 4. e3 f5 5. Nf3 Nf6 6. Be2 Bd6 7. Ne5 0-0 8. f4 b6 9. 0-0 Bb7 10. cxd5 exd5 11. Bd2 Nbd7 12. Be1 Qe8 13. Bh4 a6 14. h3 Ne4 15. Nxe4 fxe4 16. Bh5 g6 17. Nxd7 Qxd7 18. Bg4 Qg7 19. Be6+ Kh8 20. Qb3 Rae8 21. Bg4 Qc7 22. Be1 h5 23. Be2 c5 24. Bc3 Kh7 25. Qd1 c4 26. Bxh5 gxh5 27. Qxh5+ Kg7 28. f5 Qe7 29. Qg6+ Kh8 30. Qh6+ Kg8 31. Qg6+ Kh8 32. Qh6+ Kg8 33. Qg6+ Kh8 34. Qh6+ 1/2-1/2

[Event "Madrid-ch Seniors 50"]
[Site "Madrid"]
[Date "2022.03.29"]
[Round "2"]
[White "Esteban Amo, Jose M"]
[Black "Candela Perez, Jose"]
[Result "0-1"]
[WhiteElo "1874"]
[BlackElo "2339"]
[PlyCount "58"]
[EventDate "2022.03.28"]
[EventType "swiss"]
[EventRounds "9"]
[EventCountry "ESP"]
[SourceTitle "EXT 2023"]
[Source "ChessBase"]
[SourceDate "2022.10.05"]
[SourceVersion "1"]
[SourceVersionDate "2022.10.05"]
[SourceQuality "1"]

1. d4 Nf6 2. Nf3 g6 3. Bg5 Bg7 4. Nbd2 d6 5. e4 h6 6. Bh4 g5 7. Bg3 Nh5 8. Bc4 g4 9. Nh4 Bxd4 10. c3 Bf6 11. Nf5 Bxf5 12. exf5 d5 13. Bb3 Nxg3 14. hxg3 h5 15. Qe2 c6 16. 0-0-0 Nd7 17. f3 gxf3 18. gxf3 Qc7 19. Qf2 0-0-0 20. f4 Rdg8 21. Kb1 Rg4 22. Rdf1 Qb6 23. Qf3 Rhg8 24. Rfg1 h4 25. Nf1 Nc5 26. Qd1 Ne4 27. Qe2 Bxc3 28. Nh2 Rxg3 29. Rc1 Rg2 0-1

[Event "Madrid-chT Honor 2122"]
[Site "Madrid"]
[Date "2022.02.26"]
[Round "11.1"]
[White "Espinosa Aranda, Angel"]
[Black "Candela Perez, Jose"]
[Result "1-0"]
[WhiteElo "2450"]
[BlackElo "2334"]
[PlyCount "65"]
[EventDate "2021.11.27"]
[EventType "team-tourn"]
[EventRounds "14"]
[EventCountry "ESP"]
[SourceTitle "EXT 2024"]
[Source "ChessBase"]
[SourceDate "2023.10.10"]
[SourceVersion "1"]
[SourceVersionDate "2023.10.10"]
[SourceQuality "1"]
[WhiteTeam "Virgen de Atocha"]
[BlackTeam "Alcala de Henares"]
[WhiteTeamCountry "ESP"]
[BlackTeamCountry "ESP"]

1. e4 c5 2. Nf3 d6 3. d4 cxd4 4. Nxd4 Nf6 5. Nc3 a6 6. h3 e6 7. g4 b5 8. Bg2 Bb7 9. 0-0 b4 10. Nd5 exd5 11. exd5 Be7 12. g5 Nfd7 13. Nc6 Qb6 14. Nxe7 Kxe7 15. Re1+ Kd8 16. Be3 Nc5 17. Qd4 Rg8 18. a3 a5 19. Qf4 Nbd7 20. axb4 Qxb4 21. Qxd6 Nd3 22. Bb6+ Qxb6 23. Qe7+ Kc7 24. cxd3 Rad8 25. b4 axb4 26. Re4 Kb8 27. Rxb4 Qc5 28. Rxb7+ Kxb7 29. d6+ Kb6 30. Rb1+ Ka6 31. Qe4 Rb8 32. Ra1+ Kb6 33. Qa4 1-0

[Event "Madrid-chT Honor 2122"]
[Site "Madrid"]
[Date "2022.02.20"]
[Round "10.1"]
[White "Vazquez Igarza, Renier"]
[Black "Candela Perez, Jose"]
[Result "1-0"]
[WhiteElo "2531"]
[BlackElo "2334"]
[PlyCount "85"]
[EventDate "2021.11.27"]
[EventType "team-tourn"]
[EventRounds "14"]
[EventCountry "ESP"]
[SourceTitle "EXT 2024"]
[Source "ChessBase"]
[SourceDate "2023.10.10"]
[SourceVersion "1"]
[SourceVersionDate "2023.10.10"]
[SourceQuality "1"]
[WhiteTeam "Collado Villalba"]
[BlackTeam "Alcala de Henares"]
[WhiteTeamCountry "ESP"]
[BlackTeamCountry "ESP"]

1. d4 d5 2. c4 c6 3. Nf3 Nf6 4. e3 a6 5. Nbd2 b5 6. b3 Bg4 7. h3 Bxf3 8. Nxf3 e6 9. c5 g6 10. a4 Nbd7 11. Bb2 Bg7 12. Bd3 0-0 13. Qc2 Qe7 14. 0-0 Rfc8 15. b4 Ne8 16. e4 Nc7 17. Rfe1 Nf6 18. e5 Nd7 19. Bc1 Ra7 20. Ra3 bxa4 21. Rxa4 Nb8 22. h4 Nb5 23. Bg5 Qf8 24. Qd2 h6 25. Bf4 h5 26. Bg5 Nd7 27. Qf4 Rca8 28. g4 hxg4 29. Qxg4 Nc3 30. Ra3 Nb5 31. Ra5 Qe8 32. Kg2 Rb7 33. Rh1 Nc7 34. h5 Rxb4 35. hxg6 fxg6 36. Bd2 Qb8 37. Qxg6 Nf8 38. Qh5 Rb7 39. Ng5 Qe8 40. Bh7+ Nxh7 41. Qxh7+ Kf8 42. Ra3 Qe7 43. Qg6 1-0

[Event "Mislata op 53rd"]
[Site "Mislata"]
[Date "2019.08.23"]
[Round "7"]
[White "Kovacevic, Slobodan"]
[Black "Candela Perez, Jose"]
[Result "0-1"]
[WhiteElo "2252"]
[BlackElo "2338"]
[PlyCount "176"]
[EventDate "2019.08.19"]
[EventType "swiss"]
[EventRounds "9"]
[EventCountry "ESP"]
[SourceTitle "EXT 2020"]
[Source "ChessBase"]
[SourceDate "2019.10.17"]
[SourceVersion "1"]
[SourceVersionDate "2019.10.17"]
[SourceQuality "1"]

1. d4 d5 2. Bf4 e6 3. e3 Bd6 4. Bg3 Nf6 5. Nd2 0-0 6. Ngf3 c5 7. c3 Nc6 8. Bd3 b6 9. Ne5 Bb7 10. f4 Ne7 11. Qf3 Nf5 12. Bf2 Be7 13. Ng4 Nxg4 14. Qxg4 Qc8 15. 0-0 Ba6 16. Qe2 Bxd3 17. Qxd3 Qc6 18. a4 Nd6 19. Rfe1 f5 20. Nf3 Ne4 21. Bh4 Bd6 22. Rec1 Rfc8 23. Qd1 Rc7 24. Qf1 c4 25. Ra2 a6 26. Rca1 h6 27. Qd1 Qe8 28. Nd2 Nxd2 29. Qxd2 Qh5 30. Bg3 Rb8 31. Qd1 Qxd1+ 32. Rxd1 Kf7 33. Rb1 Ke7 34. Be1 Kd7 35. Kf1 Rcb7 36. b4 cxb3 37. Rxb3 Rc8 38. Ke2 Rc4 39. Rb1 Kc6 40. Bd2 a5 41. Kd3 b5 42. axb5+ Rxb5 43. Rxb5 Kxb5 44. Rb2+ Ka6 45. Ra2 a4 46. Bc1 Ka5 47. Ba3 Bxa3 48. Rxa3 Rc7 49. Ra1 Rb7 50. Kc2 Rb8 51. Ra2 g5 52. g3 g4 53. Ra1 Rb6 54. Ra2 Rb7 55. Ra1 h5 56. Ra2 h4 57. Ra1 hxg3 58. hxg3 Rh7 59. Rb1 Rh2+ 60. Kd3 a3 61. Rb8 Ka4 62. Rb4+ Ka5 63. Rb8 a2 64. Ra8+ Kb5 65. Ra7 Kb6 66. Ra8 Rg2 67. Ra3 Kc7 68. Ra6 Kd7 69. Ra8 Ke7 70. Ra6 Kf7 71. Ra8 Kg7 72. Ra6 Kh7 73. Ra8 Kg7 74. Ra6 Kg6 75. Rxe6+ Kh5 76. Ra6 Rxg3 77. Rxa2 Rh3 78. Ra8 Kh4 79. Rf8 g3 80. Ke2 Rh2+ 81. Kf1 Kg4 82. Kg1 Kf3 83. Ra8 Kxe3 84. Ra5 Kf3 85. Ra1 Kxf4 86. Re1 Kf3 87. Re5 f4 88. Rxd5 Rc2 0-1

[Event "Mislata op 53rd"]
[Site "Mislata"]
[Date "2019.08.22"]
[Round "6"]
[White "Macias Pino, Diego"]
[Black "Candela Perez, Jose"]
[Result "0-1"]
[WhiteElo "2126"]
[BlackElo "2338"]
[PlyCount "100"]
[EventDate "2019.08.19"]
[EventType "swiss"]
[EventRounds "9"]
[EventCountry "ESP"]
[SourceTitle "EXT 2020"]
[Source "ChessBase"]
[SourceDate "2019.10.17"]
[SourceVersion "1"]
[SourceVersionDate "2019.10.17"]
[SourceQuality "1"]

1. e4 c5 2. Nc3 e6 3. Nf3 Nc6 4. d4 cxd4 5. Nxd4 Qc7 6. g3 a6 7. Bg2 d6 8. Nxc6 bxc6 9. 0-0 Nf6 10. Re1 Nd7 11. Na4 Be7 12. c4 0-0 13. Nc3 Bf6 14. Bf4 Ne5 15. Qe2 c5 16. Rad1 Bb7 17. b3 Rfd8 18. Qd2 Rd7 19. Bg5 Bxg5 20. Qxg5 Nc6 21. Rd2 Nd4 22. Ne2 h6 23. Qe3 e5 24. Nc3 Bc6 25. f4 Re7 26. f5 f6 27. Nd5 Bxd5 28. cxd5 a5 29. Bf1 a4 30. Bc4 Qa5 31. Kg2 Rb7 32. Rb1 Rab8 33. Rdb2 axb3 34. axb3 Ra7 35. Qd2 Rb4 36. Qd1 Qa3 37. h4 Rab7 38. Qd3 Qa8 39. Kh3 Ra7 40. Qd1 Nb5 41. Rc1 Nd4 42. Rcb1 Rb8 43. Qd3 Ra3 44. Qd1 Qa5 45. Qd2 Qxd2 46. Rxd2 h5 47. Rdb2 Kf7 48. Kg2 Rb4 49. Kf2 Ke7 50. Ke3 Rxc4 0-1

[Event "Mislata op 53rd"]
[Site "Mislata"]
[Date "2019.08.19"]
[Round "1"]
[White "Candela Perez, Jose"]
[Black "Balada Moreno, Jose Luis"]
[Result "1-0"]
[WhiteElo "2338"]
[BlackElo "2022"]
[PlyCount "67"]
[EventDate "2019.08.19"]
[EventType "swiss"]
[EventRounds "9"]
[EventCountry "ESP"]
[SourceTitle "EXT 2020"]
[Source "ChessBase"]
[SourceDate "2019.10.17"]
[SourceVersion "1"]
[SourceVersionDate "2019.10.17"]
[SourceQuality "1"]

1. d4 Nf6 2. c4 g6 3. Nc3 Bg7 4. e4 d6 5. Nf3 0-0 6. Be3 Na6 7. Be2 c5 8. d5 Bg4 9. 0-0 Nc7 10. a3 Re8 11. Qd2 a6 12. b4 b6 13. Rab1 Rb8 14. Rb3 Bc8 15. bxc5 dxc5 16. Bxc5 bxc5 17. Rxb8 Nd7 18. Rb3 Ne5 19. Nxe5 Bxe5 20. f4 Bg7 21. Rd1 Bd4+ 22. Kh1 e6 23. Bf3 exd5 24. cxd5 Bd7 25. e5 Nb5 26. Ne4 Kg7 27. Nf6 Rf8 28. a4 Nc7 29. Qa5 Bf5 30. Rb7 Ne6 31. Qd2 Nc7 32. d6 Ne8 33. Nd5 Bc8 34. Rb8 1-0

[Event "Madrid-ch final"]
[Site "Madrid"]
[Date "2018.05.31"]
[Round "6"]
[White "Candela Perez, Jose"]
[Black "Cabanas Bravo, Juan Andres"]
[Result "1-0"]
[WhiteElo "2353"]
[BlackElo "1936"]
[PlyCount "41"]
[EventDate "2018.05.26"]
[EventType "swiss"]
[EventRounds "7"]
[EventCountry "ESP"]
[SourceTitle "CBM 184 Extra"]
[Source "ChessBase"]
[SourceDate "2018.06.28"]
[SourceVersion "1"]
[SourceVersionDate "2018.06.28"]
[SourceQuality "1"]

1. e4 d5 2. exd5 Nf6 3. Nf3 Qxd5 4. d4 Bg4 5. Be2 Nc6 6. Be3 0-0-0 7. c4 Qa5+ 8. Nc3 Ne4 9. 0-0 Nxc3 10. bxc3 Qxc3 11. Ng5 Bxe2 12. Qxe2 Rd7 13. Nxf7 Rg8 14. Rac1 Qa5 15. d5 Nd8 16. Ne5 Rd6 17. Qh5 Rh8 18. Qh3+ e6 19. Ng6 Nf7 20. Nxh8 Nxh8 21. Qxh7 1-0